Statistics for Largest Wool Producing Countries

Click here to take the quiz!

General Stats

  • This quiz has been taken 18 times
  • The average score is 9 of 11

Answer Stats

% Worlds woolAnswer% Correct
25Australia
100%
2India
100%
17USA
100%
18China
94%
11New Zealand
89%
2UK
83%
2Iran
78%
2Turkey
78%
3Argentina
72%
1South Africa
72%
2Sudan
28%

Score Distribution

Percentile by Number Answered

Percent of People with Each Score

Your Score History

You have not taken this quiz